Jusqu'où irez vous ? #34 (Tapez la bonne lettre) - Statistiques

Statistiques générales
  • Ce quiz a été pris 135 fois
  • Le résultat moyen est 12 sur 80
Statistiques - réponses
Hint Réponse % Correct
Classe des collèges qui suit la cinquième = 4 I ? M (Quatrième)
100%
Plat gratiné qui doit son nom à l'apothicaire Antoine Parmentier = ? I Parmentier H (hachis)
92%
Personne qui crée des effets musicaux en manipulant des sons enregistrés = D ? J (DJ)
84%
Creux qui se trouve au-dessous de la jonction du bras avec l'épaule = S ? L (aisselle)
57%
Produit de toute une vigne = Q? V (cuvée)
46%
Faire cesser, faire disparaître, chasser = 10 ? P I (dissiper)
36%
Ce qui est produit par une cause = ? É F (effet)
29%
Force et fermeté dans l'action, qui rend efficace = N R ? J (énérgie)
26%
Qui contient de l'iode = I O ? D (iodé)
22%
Instrument à lame tranchante, servant à fendre = ? H (hâche)
22%
Le jour qui précède immédiatement celui où l'on est = I? R (hier)
22%
Constituer une raison, un argument (pour ou contre) = 1000 I ? T (militer)
22%
Long voyage mouvementé, aventureux (comme celui d'Ulysse) = O 10 ? C (Odyssée)
18%
Née le 28 avril 1981 = G 6 ? Alba K (Jessica)
18%
Membre pair assurant le vol actif chez divers animaux (oiseaux, chauves-souris, insectes) = ? L (aile)
18%
Prendre possession de (un lieu) = O ? P Q (occuper)
18%
Qui a subi une défaite (de la part d'un ennemi, d'un rival, d'une force) = 20 ? Q (vaincu)
18%
Établissement religieux où étudient les jeunes clercs qui doivent recevoir les ordres = Cmin? R (séminaire)
18%
Avoir une activité réduite ; vivre dans une morne inaction ou rester dans une situation médiocre = ? G T V (végéter)
18%
Éviter avec adresse, par un artifice, un faux-fuyant = L U ? D (éluder)
17%
Fou = 1 100 ? C (insensé)
16%
Ensemble des soins visant à la propreté du corps = I J ? N (hygiène)
16%
Personne en présence de qui s'est accompli un fait et qui est appelé à l'attester en justice = ? – T (témoin)
16%
Faire disparaître sans laisser de trace = F ? C A (effacer)
14%
Élever, faire monter au moyen d'une manœuvre, d'un cordage = I ? C (hisser)
14%
Partie à égale distance des extrémités = 1000 I ? E (milieu)
14%
Sortir d'un milieu liquide, apparaître à la surface = M R ? G (émerger)
14%
Placer (un monument) en station verticale = R I ? G (ériger)
14%
Distance parcourue par une chose jetée = ? G (jet)
14%
Mettre une dédicace sur = D 10 ? C K (dédicacer)
14%
Personne qui est hostile et cherche à nuire (à qqn) = ? E MI N (ennemi)
14%
Enlever (un objet) de la place qu'il occupait = ? T O (ôter)
14%
Territoire d'une nation, délimité par des frontières = ? I P (Pays)
14%
Récipient dans lequel on fait infuser le thé = T I ? R (théière)
14%
Devenir propriétaire de (qqch.), titulaire de (un droit) par voie de succession = R I ? T (hériter)
14%
Qui se trouve dans un état de tension inhabituel = N R ? V (enervé)
14%
Mener à terme ses œufs dans le corps même, en parlant d'insectes = 1 Q ? B (incuber)
13%
Élément qui signifie « dix » = ? K D (déca)
13%
User, détruire par une action lente = R O ? D (éroder)
13%
Personne qui, par ordre de naissance, vient après l'aîné = ? D K (cadet)
13%
Mammifère carnassier d'Afrique et d'Asie, se nourrissant surtout de charognes = I ? N (hyène)
13%
En géométrie, portion limitée de surface, nombre qui la mesure = ? R (aire)
13%
Mettre à un niveau plus élevé = O ? C (hausser)
8%
Acquérir (un bien, un droit) contre paiement = ? T H (acheter)
8%
Entreprise italienne destinée à la mode du prêt-à-porter masculin et féminin qui est associée notamment au tennis et au ski = ? S L (ellesse)
8%
Classe scolaire où l'âge typique des élèves est de 10 à 11 ans = C?2 M (CM2)
8%
Produit qui empêche les mauvaises odeurs du corps = D ? O (déo)
8%
Avortement à la demande de la femme ou pour raisons médicales = I?G V (Interruption volontaire de grossesse)
8%
Se terminer ou s'interrompre = C ? C (Cesser)
5%
Station de radio généraliste nationale privée française créée le 15 mars 1933 = RT? L (RTL)
5%
Enfer dans la Bible, Torture, souffrance intolérable = G ? N (géhenne)
5%
Arme blanche à double tranchant composée d'une lame droite en métal = É ? P (Épée)
5%
Une des quatre saisons de l'année = É ? T (Été)
5%
Personne qui mène une vie austère = ?7 A (ascète)
4%
Échancrure d'une côte, dont l'entrée est resserrée ; petit golfe = ? B (Baie)
4%
Rendre obtus, stupide = É ? T B (hébéter)
4%
Objet, généralement de petite taille et de forme cubique, qui permet de tirer aléatoirement un nombre ou un symbole parmi plusieurs possibilités = ? D (Dé)
4%
Petit trou pratiqué dans une étoffe, du cuir, etc. servant à passer un lacet, etc = ? I É E (Œillet)
4%
Né le 8 août 2000 = Félix O?-Aliassime G (Auger)
4%
Relatif à la puissance politique établie au Pérou avant la conquête espagnole = 1 ? K (inca)
4%
Responsable d'un sport et de sa mise en place au niveau national = DT? N (Directeur technique national)
4%
Née le 19 juillet 1955 = ¼ ? Cheryl N (Karen)
4%
Corps liquide à la température et à la pression ordinaires, incolore, inodore, insipide, dont les molécules sont composées d'un atome d'oxygène et de deux atomes d'hydrogène = ? O (Eau)
4%
Née le 5 juillet 1980 = Laëtitia 1000 ? O (Millot)
4%
Surnom du football portugais Képler Laveran Lima Ferreira (quand on le prononce à la française) = ? P P (Pepe)
4%
Terme vieilli désignant un alliage de cuivre spécifique = ?1 R (airain)
4%
Né le 26 juin 1913 = Aimé 16 ? R (Césaire)
4%
Crochet en forme de S = ? S (esse)
4%
Expression de plus en plus courante chez les jeunes qui peut être traduite par « C'est la galère » = c'est la ? S (hess)
4%
Né le 1er janvier 1945 = Jacky ? X (Ickx)
4%
Trouble qui naît de l'appréhension, d'une émotion sensuelle = M O ? A (Émoi)
3%
Potence où l'on exécutait les condamnés à la pendaison = ? B J (Gibet)
3%
Née le 10 mai 1960 = Merlene O ? T (Ottey)
3%
Commune belge de la région Bruxelles-Capitale de 89 897 habitants (2025) = ? L X (Ixelles)
3%
Siège de l'Union africaine = ? 10-Abeba A (Addis-Abeba)
1%
Commune française du département de la Creuse de 1 394 habitants (2023) = ?1 A (Ahun)
1%
Commune française du département de l'Allier de 13 316 habitants (2023) = Q ? C (Cusset)
1%
Tyran au pouvoir absolu, un criminel qui fait assassiner son beau-frère Aristobule, sa femme Mariamne et même trois de ses fils, Alexandre, Aristobule et Antipater = ? O 2 R (Hérode)
1%
Né le 26 avril 1894 = Rudolf ? S (Hess)
1%
En alphabet morse vaut « ·-- » = ? W
1%
Aucun quiz correspondant
Distribution des résultats
% des personnes avec chaque résultat
Percentile par nombre de réponses
Votre historique - résultats
Vous n’avez pas pris ce quiz